00462nam a22001577a 450000500170000001000150001702000280003203500140006003700130007408200120008724500600009926000390015927000650019830000220026370000190028520180926104841.0 aENG-123980 a819788190461667c695.00 aEN-107512 bDBAD/PUB a391.009 aAn insight into fashion history /ced. by James Ezekiel aPanchkulabSwastik Prakashanc2012 aS.C.O 43, First Floor, Swastik Vihar MCD,bPanchkula -(H.R.) a288pc22cm.(pbk.) aEzekiel, James